Poetry, politics, and culture : (Record no. 27762)
[ view plain ]
| 000 -LEADER | |
|---|---|
| fixed length control field | 02947nam a22004215a 4500 |
| 005 - DATE AND TIME OF LATEST TRANSACTION | |
| control field | 2009062208288.0 |
| 008 - FIXED-LENGTH DATA ELEMENTS--GENERAL INFORMATION | |
| fixed length control field | 090226s2009 ii b 001 0 eng |
| 010 ## - LCCN (DPL NO) | |
| LC control number | ENG-94165 |
| 020 ## - INTERNATIONAL STANDARD BOOK NUMBER | |
| International Standard Book Number | 9780415480055 |
| Terms of availability | 850.00 |
| 035 ## - SYSTEM CONTROL NUMBER | |
| System control number | EN-77698 |
| 035 ## - SYSTEM CONTROL NUMBER | |
| System control number | B-361835-841 |
| 037 ## - SOURCE OF ACQUISITION | |
| Source of stock number/acquisition | DBAD / PUB |
| 037 ## - SOURCE OF ACQUISITION | |
| Source of stock number/acquisition | Uppal Book Store |
| 040 ## - CATALOGING SOURCE | |
| Original cataloging agency | dpl |
| Language of cataloging | English |
| 082 ## - DEWEY DECIMAL CLASSIFICATION NUMBER | |
| Classification number | 891.41 |
| 100 ## - MAIN ENTRY--PERSONAL NAME | |
| Personal name | Akshaya Kumar |
| 245 ## - TITLE STATEMENT | |
| Title | Poetry, politics, and culture : |
| Remainder of title | essays on Indian texts and contexts / |
| Statement of responsibility, etc | by Akshaya Kumar |
| 260 ## - PUBLICATION, DISTRIBUTION, ETC. (IMPRINT) | |
| Place of publication, distribution, etc | New Delhi |
| Name of publisher, distributor, etc | Routledge |
| Date of publication, distribution, etc | 2009 |
| 270 ## - ADDRESS | |
| Address | 912-915 Tolstory House, 15-17 Tolstoy Marg, |
| City | New Delhi |
| Postal code | 110001 |
| 300 ## - PHYSICAL DESCRIPTION | |
| Extent | x, 400 p. |
| Dimensions | 23cm(Hb) |
| 500 ## - GENERAL NOTE | |
| General note | Includes bibliographical references and index |
| 520 ## - SUMMARY, ETC. | |
| Summary, etc | Study of Hindi poetry from 15th century to 20th century, Marathi, Gujarati, Panjabi, and Indic English poetry of the post-1947 period. |
| 546 ## - LANGUAGE NOTE | |
| Language note | Passages translated from Hindi, Gujarati, Marathi, and Panjabi. |
| 650 ## - SUBJECT ADDED ENTRY--TOPICAL TERM | |
| Topical term or geographic name as entry element | Indic poetry |
| General subdivision | History and criticism. |
| 650 ## - SUBJECT ADDED ENTRY--TOPICAL TERM | |
| Topical term or geographic name as entry element | Indic poetry (English) |
| Chronological subdivision | 20th century |
| General subdivision | History and criticism. |
| 650 ## - SUBJECT ADDED ENTRY--TOPICAL TERM | |
| Topical term or geographic name as entry element | Politics in literature. |
| 650 ## - SUBJECT ADDED ENTRY--TOPICAL TERM | |
| Topical term or geographic name as entry element | Culture in literature. |
| 942 ## - ADDED ENTRY ELEMENTS (KOHA) | |
| Source of classification or shelving scheme | Dewey Decimal Classification |
| Item type | English Books |
| Call number suffix | AKS |
| Classification part | 891.41 |
| Withdrawn status | Lost status | Source of classification or shelving scheme | Damaged status | Not for loan | Collection code | Home library | Current library | Date acquired | Source of acquisition | Cost, normal purchase price | Total Checkouts | Full call number | Barcode | Date last seen | Copy number | Cost, replacement price | Koha item type |
|---|---|---|---|---|---|---|---|---|---|---|---|---|---|---|---|---|---|
| Dewey Decimal Classification | Central Library | Central Library | 09/03/2010 | Uppal Book Store/9020/30.1.09/138/16.10.09/30.10.09 | 850.00 | 891.41 AKS | B-361835 | 09/03/2010 | 1 | 850.00 | English Books | ||||||
| Dewey Decimal Classification | Not For Loan | Non-fiction | D.B.Act.Division | D.B.Act.Division | 22/06/2009 | DBAD / PUB | 850.00 | 891.41 AKS | EN-77698 | 22/06/2009 | 1 | 850.00 | English Books | ||||
| Dewey Decimal Classification | Janak Puri | Janak Puri | 09/03/2010 | Uppal Book Store/9020/30.1.09/138/16.10.09/30.10.09 | 850.00 | 3 | 891.41 AKS | B-361837 | 14/07/2011 | 1 | 850.00 | English Books | |||||
| Dewey Decimal Classification | Karol Bagh | Karol Bagh | 09/03/2010 | Uppal Book Store/9020/30.1.09/138/16.10.09/30.10.09 | 850.00 | 891.41 AKS | B-361840 | 09/03/2010 | 1 | 850.00 | English Books | ||||||
| Dewey Decimal Classification | Patel Nagar | Patel Nagar | 09/03/2010 | Uppal Book Store/9020/30.1.09/138/16.10.09/30.10.09 | 850.00 | 891.41 AKS | B-361836 | 09/03/2010 | 1 | 850.00 | English Books | ||||||
| Dewey Decimal Classification | R.K.Puram-8 | R.K.Puram-8 | 09/03/2010 | Uppal Book Store/9020/30.1.09/138/16.10.09/30.10.09 | 850.00 | 891.41 AKS | B-361838 | 09/03/2010 | 1 | 850.00 | English Books | ||||||
| Dewey Decimal Classification | Shahdara Branch | Shahdara Branch | 09/03/2010 | Uppal Book Store/9020/30.1.09/138/16.10.09/30.10.09 | 850.00 | 1 | 891.41 AKS | B-361841 | 31/05/2022 | 1 | 850.00 | English Books | |||||
| Dewey Decimal Classification | Vinoba Puri | Vinoba Puri | 09/03/2010 | 850.00 | 2 | 891.41 AKS | B-361839 | 01/09/2021 | 1 | 850.00 | English Books |
